Central Library, Doon University
WEBOPAC (ONLINE PUBLIC ACCESS CATALOGUE)

Dictionary of Literary Terms And Literary Theory (Record no. 60518)

MARC details
000 -LEADER
fixed length control field 00485nam a22001817a 4500
005 - DATE & TIME
control field 20260316152141.0
008 - FIXED-LENGTH DATA ELEMENTS--GENERAL INFORMATION
fixed length control field 260316b |||||||| |||| 00| 0 eng d
020 ## - ISBN
International Standard Book Number 9780141047157
Price 1099.00
040 ## - CATALOGING SOURCE
Original cataloging agency Doon University
041 ## - Language
Language English
082 ## - DDC NUMBER
Classification number 801.95
Book Number CUD
100 ## - MAIN ENTRY--PERSONAL NAME
Personal name Cuddon, J. A.
245 ## - TITLE STATEMENT
Title Dictionary of Literary Terms And Literary Theory
260 ## - PUBLICATION, DISTRIBUTION, ETC. (IMPRINT)
Place of publication, distribution, etc United State of America
Name of publisher, distributor, etc Penguin
Date of publication, distribution, etc 2013
300 ## - PHYSICAL DESCRIPTION
Pages 784
650 ## - Subject
Subject Hindu Studies
942 ## - ADDED ENTRY ELEMENTS (KOHA)
Koha item type Books
100 ## - MAIN ENTRY--PERSONAL NAME
-- 26485
650 ## - Subject
-- 25783
952 ## - LOCATION AND ITEM INFORMATION (KOHA)
-- 2026-03-16
952 ## - LOCATION AND ITEM INFORMATION (KOHA)
-- 2026-05-21
-- 2026-03-16
952 ## - LOCATION AND ITEM INFORMATION (KOHA)
-- 2026-05-05
-- 2026-03-16
952 ## - LOCATION AND ITEM INFORMATION (KOHA)
-- 2026-03-16
Holdings
Withdrawn status Lost status Source of classification or shelving scheme Damaged status Not for loan Location (home branch) Sublocation or collection (holding branch) Date acquired Koha full call number Accession No. Koha date last seen Koha item type Koha issues (times borrowed)
        Not For Loan Doon University Doon University 16.03.2026 801.95 CUD 53400 16.03.2026 Reference  
          Doon University Doon University 16.03.2026 801.95 CUD 53401 01.06.2026 Books 1
          Doon University Doon University 16.03.2026 801.95 CUD 53402 21.05.2026 Books 1
          Doon University Doon University 16.03.2026 801.95 CUD 53403 16.03.2026 Books  
Contact : +91-135-2533126 (Library),+91-135-2533105 (Admin Office) , Email : doonlibrary@gmail.com

Powered by Koha